đŸŽ¶ Paroles "J'ai la guitare qui me dĂ©mange" Yves Duteil - Statistiques

Statistiques générales
  • Ce quiz a Ă©tĂ© pris 41 fois
  • Le rĂ©sultat moyen est 425 sur 584
Statistiques - réponses
Mots % Correct
Ă 
100%
a
100%
À
100%
ai
100%
d'
100%
de
100%
démange,
100%
guitare
100%
J'
100%
j'
100%
l'
100%
la
100%
lĂ 
100%
lĂ -
100%
m'
100%
me
100%
qu'
100%
qui
100%
Qui
100%
Alors
97%
je
97%
ma
97%
petit
97%
peu.
97%
peu
97%
un
97%
c'
93%
C'
93%
C’
93%
Ça
93%
ça
93%
gratte
93%
s'
93%
se
93%
Mais
90%
mais
90%
pas
90%
est
86%
fait
86%
et
83%
Et
83%
arrange
79%
arrange,
79%
trĂšs
79%
Il
76%
sérieux.
76%
sérieux,
76%
n'
72%
oĂč
72%
ou
72%
des
69%
En
69%
Le
66%
le
66%
que
66%
Que
66%
pour
62%
Pour
62%
bien
59%
les
59%
soulage
59%
au
55%
mes
55%
Ne
55%
Si
55%
"Si
55%
si
55%
si,
55%
une
55%
Avec
52%
avec
52%
dans
52%
Dans
52%
du
52%
moi,
52%
moi
52%
or.
52%
prend
52%
faire
48%
jour
48%
main.
48%
mal
48%
on
48%
plus
48%
Quand
48%
quand
48%
vous
48%
Y
48%
musique,
45%
musique
45%
pu,
45%
sur
45%
veut.
45%
dit
41%
quoi.
41%
tout
41%
aurais
38%
avais
38%
écris
38%
essaie
38%
Être
38%
heure
38%
idée.
38%
ont
38%
Oui,
38%
rien
38%
sans
38%
ainsi
34%
bout
34%
cette
34%
chansons.
34%
chanter.
34%
contagieux.
34%
dérange
34%
deux,
34%
deux
34%
doigts
34%
Faut
34%
Pardonnez-
34%
suis
34%
veux
34%
belle
31%
change,
31%
chercheur
31%
consulté
31%
était
31%
guérir,
31%
haut
31%
phalanges,
31%
pratique,
31%
prends
31%
spécialiste
31%
cÎté
28%
croyez
28%
donne
28%
dons
28%
importe
28%
industrie,
28%
mĂȘme
28%
mort,
28%
nuages,
28%
partir
28%
prendre
28%
présent...
28%
raison.
28%
références...
28%
serai
28%
succĂšs.
28%
vieux,
28%
voyez
28%
amuse,
24%
artiste,
24%
autrement.
24%
Avant
24%
cachet"
24%
dix
24%
écrire
24%
électronique,
24%
Entre
24%
Essayez
24%
État-
24%
étrange,
24%
gigote
24%
hasard
24%
mis
24%
notaire
24%
persiste,
24%
pierre
24%
tombale
24%
toujours
24%
Toussaint...
24%
voulu
24%
anges
21%
appris
21%
assurances,
21%
auteur.
21%
cieux.
21%
Clerc
21%
composer
21%
compte
21%
déjà
21%
délires
21%
doux
21%
droits
21%
étais
21%
génétique
21%
héréditaire,
21%
leçon
21%
major,
21%
miteux,
21%
muse,
21%
officier
21%
rend
21%
résultat
21%
scĂšne,
21%
taquine
21%
thérapeutique
21%
triste,
21%
vétérinaire,
21%
amour.
17%
aprĂšs
17%
chanteur,
17%
commerce
17%
comprenne,
17%
devenu
17%
lire,
17%
meilleure
17%
projecteurs...
17%
ArchevĂȘque
14%
cercle
14%
chagrins
14%
cours
14%
depuis
14%
installe
14%
malheureux...
14%
profondément
14%
reçue
14%
vicieux.
14%
honneurs.
10%
Aucun quiz correspondant
Distribution des résultats
% des personnes avec chaque résultat
Percentile par nombre de réponses
Votre historique - résultats
Vous n’avez pas pris ce quiz